A practical Christianity : Working on Transforming our lives (Record no. 22573)

MARC details
000 -LEADER
fixed length control field 00487cam a22001694a 4500
020 ## - INTERNATIONAL STANDARD BOOK NUMBER
ISBN 9780819227768 (pbk.)
020 ## - INTERNATIONAL STANDARD BOOK NUMBER
ISBN 9780819227775 (ebook)
082 00 - DEWEY DECIMAL CLASSIFICATION NUMBER
Classification number 248.4
Author Cutter SHA
100 1# - MAIN ENTRY--AUTHOR NAME
Author name Shaw, Jane,
245 12 - TITLE STATEMENT
Title A practical Christianity : Working on Transforming our lives
260 ## - PUBLICATION, DISTRIBUTION, ETC. (IMPRINT)
Place of publication New York :
Name of publisher Morehouse Pub.,
Year of publication c2012.
300 ## - PHYSICAL DESCRIPTION
Number of Pages xxi, 103 p. ;
505 0# - FORMATTED CONTENTS NOTE
Formatted contents note Being dust -- Letting go -- Being uncertain -- Seeing God -- Love.
650 #0 - SUBJECT ADDED ENTRY--TOPICAL TERM
Topical Term Lent
942 ## - ADDED ENTRY ELEMENTS (KOHA)
Koha item type Books
Holdings
Home library Current library Shelving location Date acquired Full call number Accession Number Koha item type
Henry Martyn Institute Library Henry Martyn Institute Library General stacks 12/06/2018 248.4 SHA 11-3989 Books
Henry Martyn Institute Library Henry Martyn Institute Library General stacks 12/06/2018 248.4 SHA 11-3990 Books
                   Copyright © 2026 | Henry Martyn Institute | Hyderabad | TS-500052 | INDIA | Implemented by hmi.edu.in
Hit-Count:

Powered by Koha